[Event "Norway Chess 10th"]
[Site "Stavanger"]
[Date "2022.06.02"]
[Round "3"]
[White "Giri, Anish"]
[Black "So, Wesley"]
[Result "1/2-1/2"]
[WhiteElo "2761"]
[BlackElo "2776"]
[PlyCount "61"]
[EventDate "2022.05.31"]
[EventType "tourn"]
[EventRounds "9"]
[EventCountry "NOR"]
[EventCategory "21"]
[SourceTitle "CBM 209"]
[Source "ChessBase"]
[SourceDate "2022.08.31"]
[SourceVersion "1"]
[SourceVersionDate "2022.08.31"]
[SourceQuality "1"]

1. d4 Nf6 2. c4 e6 3. Nc3 Bb4 4. Qc2 O-O 5. a3 Bxc3+ 6. Qxc3 d5 7. Nf3 b6 ({RR} 7... dxc4 8. Qxc4 b6 {½-½ (20) Le,T (2527)-Xiong,J (2691) Philadelphia 2022}) 8. Bg5 dxc4 9. Qxc4 Ba6 10. Qa4 h6 11. Bh4 c5 12. dxc5 bxc5 13. Rd1 Qb6 14. Bxf6 gxf6 15. e3 Bxf1 16. Kxf1 Nc6 17. Rb1 Rad8 18. Ke2 Rd5 19. Rhc1 Rb8 20. b4 Ne5 $146 21. Nxe5 Rxe5 22. Kf1 Qb5+ 23. Qxb5 Rxb5 24. Ke2 cxb4 25. Rxb4 Rxb4 26. axb4 Rb5 27. Rc4 a5 28. bxa5 Rxa5 29. g3 Kg7 30. Rg4+ Kf8 31. Rc4 1/2-1/2

[Event "WR Chess Masters 2023"]
[Site "Dusseldorf GER"]
[Date "2023.02.17"]
[Round "2.1"]
[White "Giri, A.."]
[Black "So, W.."]
[Result "1/2-1/2"]
[WhiteElo "2780"]
[BlackElo "2766"]
[PlyCount "57"]
[EventDate "2023.02.16"]

1. d4 Nf6 2. c4 e6 3. Nc3 Bb4 4. e3 c5 5. Nge2 d5 6. cxd5 Nxd5 7. a3 Nxc3 8. Nxc3 Ba5 9. dxc5 Bxc3+ 10. bxc3 Qxd1+ 11. Kxd1 Nd7 12. c6 Ne5 13. a4 $146 ({RR} 13. c7 Kd7 14. e4 Kxc7 15. Bf4 f6 16. h4 Bd7 17. Rh3 Bc6 18. Rg3 Rhg8 19. f3 Kd6 20. Rb1 Rac8 21. Kc2 Ke7 22. Bb5 b6 23. a4 Nd7 24. Be3 Kf7 25. a5 Bxb5 26. Rxb5 Rc6 27. f4 Rgc8 {Aleksandrov,A (2612)-Vaibhav,S (2448) Chennai 2012 1-0 (68)}) 13... Nxc6 14. a5 e5 15. e4 Be6 16. Be3 O-O 17. Kc2 Rac8 18. Kb2 Rfd8 19. Be2 f6 20. Rhd1 Rxd1 21. Bxd1 Kf7 22. Be2 Ke7 23. h4 a6 24. Bc5+ Ke8 25. g3 Nd8 26. Bb4 Nc6 27. Bc5 Nd8 28. Bb4 Nc6 29. Bc5 1/2-1/2

[Event "Titled Tue 20th Feb Early"]
[Site "chess.com INT"]
[Date "2024.02.20"]
[Round "3"]
[White "Ambartsumova, K.."]
[Black "Giri, A.."]
[Result "0-1"]
[WhiteElo "2418"]
[BlackElo "2762"]
[PlyCount "64"]
[EventDate "2024.02.20"]

1. d4 Nf6 2. c4 e6 3. Nc3 Bb4 4. a3 Bxc3+ 5. bxc3 b6 6. f3 Nc6 7. e4 d6 8. Bd3 Na5 9. Ne2 ({RR} 9. Nh3 Ba6 10. Qe2 e5 11. Be3 Qd7 12. a4 Qc6 13. d5 Qd7 14. O-O Qe7 15. Nf2 Nd7 16. Rab1 O-O 17. g4 Rac8 18. Nh1 c6 19. Ng3 g6 20. c5 Bxd3 21. cxd6 Bxe2 22. dxe7 Bxf1 23. exf8=Q+ Kxf8 {Carlsen,M (2882)-Aronian,L (2765) Saint Louis 2019 ½-½ (53)}) ({RR} 9. f4 e5 10. Nf3 Nd7 11. O-O Bb7 12. Ng5 exf4 13. Bxf4 Qe7 14. Nxf7 Qxf7 15. Bxd6 Nf6 16. Bg3 Qe7 17. e5 Nd7 18. Qh5+ g6 19. Bxg6+ hxg6 20. Qxh8+ Nf8 21. Bh4 g5 22. Bxg5 Qxg5 23. Qxf8+ Kd7 {Agibileg,U (2366)-Aansh Nandan Nerurkar (2356) chess.com INT 2025 1-0}) 9... Ba6 10. Ng3 Qe7 $146 ({RR} 10... Qd7 11. Qe2 Qa4 12. O-O Bxc4 13. Be3 Bxd3 14. Qxd3 Qc4 15. Qc2 O-O 16. f4 Qb3 17. Qc1 Nc4 18. f5 e5 19. Bh6 Ne8 20. f6 gxh6 21. Qxh6 Qxc3 22. Nf5 Qxd4+ 23. Kh1 Qxe4 24. Ne7+ Kh8 25. Qxf8# {Ambartsumova,K (2406)-Aansh Nandan Nerurkar (2236) chess.com INT 2024 1-0}) 11. O-O O-O-O 12. Qe2 Nd7 13. Be3 h5 14. Rfb1 g5 15. c5 Bxd3 16. Qxd3 dxc5 17. Qa6+ Nb7 18. Qxa7 h4 19. Nf1 h3 20. g3 f5 21. e5 f4 22. Bf2 fxg3 23. Bxg3 Nb8 24. a4 cxd4 25. cxd4 Qd7 26. a5 Qxd4+ 27. Bf2 Qd5 28. Ra3 Nxa5 29. Rc1 Nac6 30. Qa8 Rhf8 31. Rac3 Rxf3 32. Qxb8+ Kxb8 0-1

[Event "EU-Cup 32nd"]
[Site "Novi Sad"]
[Date "2016.11.11"]
[Round "6.2"]
[White "Andreikin, Dmitry"]
[Black "Giri, Anish"]
[Result "1/2-1/2"]
[WhiteElo "2736"]
[BlackElo "2767"]
[PlyCount "73"]
[EventDate "2016.11.06"]
[EventType "team-swiss"]
[EventRounds "7"]
[EventCountry "SRB"]
[SourceTitle "CBM 176"]
[Source "ChessBase"]
[SourceDate "2017.01.17"]
[SourceVersion "1"]
[SourceVersionDate "2017.01.17"]
[SourceQuality "1"]
[WhiteTeam "Alkaloid"]
[BlackTeam "Siberia"]
[WhiteTeamCountry "MKD"]
[BlackTeamCountry "RUS"]

1. d4 Nf6 2. c4 e6 3. Nc3 Bb4 4. Qc2 d5 5. cxd5 exd5 6. Bg5 h6 7. Bxf6 Qxf6 8. a3 Bxc3+ 9. Qxc3 O-O 10. Nf3 Bf5 11. e3 Rc8 12. Bd3 Bxd3 13. Qxd3 Nd7 14. O-O c6 15. b4 a6 $146 ({RR} 15... Qd6 16. Rfc1 a6 17. a4 Rc7 18. Qb3 Rac8 19. b5 cxb5 20. Rxc7 Qxc7 21. axb5 Qc1+ 22. Qd1 Qxd1+ 23. Rxd1 a5 24. Kf1 Nb6 25. Ra1 a4 26. Ne5 Rc3 27. Ke2 Rb3 28. Nd3 Rxb5 29. Nc5 Rb2+ 30. Kf3 {Ozkan,T (2295)-Ter Sahakyan,S (2632) Chess.com INT 2022 ½-½ (66)}) ({RR} 15... Qd6 16. Rfc1 a6 17. a4 Rc7 18. Qb3 Rac8 19. b5 cxb5 20. Rxc7 Qxc7 21. axb5 Qc1+ 22. Qd1 Qxd1+ 23. Rxd1 a5 24. Kf1 Nb6 25. Ra1 a4 26. Ne5 Rc3 27. Ke2 Rb3 28. Nd3 Rxb5 29. Nc5 Rb2+ 30. Kf3 {Ozkan,T (2295)-Ter Sahakyan,S (2632) Chess.com INT 2022 ½-½ (66)}) 16. Rfc1 b5 17. Qc3 Nb6 18. Ne5 Nc4 19. a4 Nb6 20. a5 Nc4 21. Nd7 Qd8 22. Nc5 f5 23. Qd3 Qf6 24. Nd7 Qe6 25. Nc5 Qf7 26. Re1 Re8 27. Re2 Re7 28. Rae1 Nd6 29. Qc2 Qf6 30. h3 g6 31. Nd3 Nc4 32. f4 Rae8 33. Ne5 h5 34. g3 g5 35. Rg2 Rg7 36. Qe2 Qh6 37. Kh1 1/2-1/2

[Event "Superbet ROM Classic 2024"]
[Site "Bucharest ROU"]
[Date "2024.07.04"]
[Round "8.3"]
[White "Gukesh, D.."]
[Black "Giri, A.."]
[Result "1/2-1/2"]
[WhiteElo "2763"]
[BlackElo "2745"]
[PlyCount "60"]
[EventDate "2024.06.26"]

1. d4 Nf6 2. c4 e6 3. Nc3 Bb4 4. e3 O-O 5. Bd3 d5 6. a3 Bxc3+ 7. bxc3 dxc4 8. Bxc4 c5 9. Ne2 Qc7 10. Bd3 Nc6 11. f4 b6 12. O-O Bb7 13. Ng3 Ne7 14. e4 cxd4 15. cxd4 Qc3 16. Ra2 Qxd4+ 17. Kh1 Rad8 18. Rd2 Qe3 19. Rf3 Qc5 20. Bb2 Ng6 21. h3 Rfe8 $146 ({RR} 21... Nh5 22. f5 exf5 23. Nxh5 fxe4 24. Rg3 Rxd3 25. Rdxd3 exd3 26. Bxg7 Rc8 27. Rxd3 Bxg2+ 28. Kxg2 Qxh5 29. Qxh5 Nf4+ 30. Kf3 Nxh5 31. Be5 f6 32. Bb2 Rc2 33. Kg4 Rxb2 34. Kxh5 a5 35. Kh6 a4 36. h4 {Le Marec,S (2172)-Iniyan,P (2523) Cappelle la Grande FRA 2025 0-1 (53)}) 22. Rc2 Qe7 23. Qe1 Nh4 24. Re3 Rc8 25. Rxc8 Rxc8 26. Bf1 h6 27. Qd2 Rd8 28. Qe1 Rc8 29. Qd2 Rd8 30. Qe1 Rc8 1/2-1/2

[Event "Chess Super League"]
[Site "Chess.com INT"]
[Date "2021.10.12"]
[Round "2.2"]
[White "Gupta, Abhijeet"]
[Black "Giri, Anish"]
[Result "0-1"]
[WhiteElo "2628"]
[BlackElo "2774"]
[Annotator "Giri,Anish"]
[PlyCount "68"]
[EventDate "2021.10.11"]
[EventType "team-tourn"]
[EventRounds "5"]
[EventCountry "IND"]
[SourceTitle "CBM 204 Extra"]
[Source "ChessBase"]
[SourceDate "2022.09.12"]
[SourceVersion "1"]
[SourceVersionDate "2022.09.12"]
[SourceQuality "1"]
[WhiteTeam "Pivotal Pawns"]
[BlackTeam "The Kingslayers"]
[WhiteTeamCountry "IND"]
[BlackTeamCountry "IND"]

{[%evp 0,68,19,21,21,10,19,15,27,33,30,34,34,37,29,21,41,37,30,29,53,28,60,41,106,66,69,42,29,39,39,-29,-16,3,5,5,5,17,-107,-109,-131,-117,150,-26,-42,-44,-42,-50,-39,-94,-118,-162,-156,-253,-215,-217,-234,-234,-226,-227,-243,-245,-242,-249,-252,-252,-252,-252,-212,-302,-314]} 1. d4 Nf6 2. c4 e6 3. Nc3 Bb4 4. e3 O-O 5. Bd2 {Abhijeen has played this system in his previous game succesfully, so I wasn't too surprised to see him repeat it. White is going for a complex middlegame and gives Black a lot of different options.} d5 {Other setups are also very valid, but I went for the main-line.} 6. Nf3 b6 {The main setup here. 6...Nbd7!? has been played a lot as well, but Karthikeyan failed to equalize against Abhijeet in the round 1.} 7. cxd5 exd5 8. Rc1 {Also possible is to start with 8.Bd3, or not include 7.cxd5. The idea of 8.Rc1 is to be able to meet 8...Bd6 with 9.Nb5, gaining the bishop pair.} c5 $5 {This is very risky, with the bishop not inside the pawn chain on d6 or e7, but having looked at this with the latest engines, it appeared to me that it could be a good choice for this game.} 9. Be2 {This better square for the bishop. Naive would be 9.Bd3?! when 9...c4! comes with a tempo.} ({RR} 9. Ne5 c4 10. b3 Bxc3 11. Bxc3 b5 12. a4 a6 13. Be2 Ne4 14. Bb4 Re8 15. O-O f6 16. Bh5 fxe5 17. Bxe8 Qxe8 18. dxe5 Qxe5 19. bxc4 bxc4 20. Rxc4 dxc4 21. Qd8+ Kf7 22. Qxc8 Ra7 23. Qf8+ Kg6 {Bluebaum,M (2660)-Niemann,H (2736) chess.com INT 2025 0-1 (49)}) 9... c4 $5 {Releasing the tension is extremely risky, "but the computer said it's fine".} 10. O-O (10. b3 {is well met by} Bxc3 $1 11. Bxc3 b5 {Connecting the pawns and getting a stable chain.} 12. a4 a6 {It is fortunate for Black that White doesn't have his rook on a1 here and can just connect the pawns this way.}) 10... a6 {Preparing b5, connecting the pawns.} ({RR} 10... Bxc3 11. Bxc3 b5 12. a4 a6 13. Ne5 Qd6 14. f3 Nc6 15. b3 Be6 16. bxc4 bxc4 17. Qd2 Rfd8 18. Bd1 Nd7 19. Nxc6 Qxc6 20. Ba5 Rdc8 21. e4 Rab8 22. Bc2 Nb6 23. e5 g6 24. Qg5 Qd7 25. g4 {Vakhidov,J (2546)-Malek,J (2511) Sharjah UAE 2025 1-0 (44)}) 11. Ne5 $146 ({RR} 11. a4 Nc6 12. b3 Bxc3 13. Bxc3 b5 14. Ne5 Qd6 15. Bf3 Bf5 16. bxc4 bxc4 17. g4 Be4 18. g5 Bxf3 19. Qxf3 Nd7 20. e4 Nxd4 21. Bxd4 Nxe5 22. Qg3 Rae8 23. Rfe1 f6 24. exd5 Qxd5 25. gxf6 Nf3+ {Aditya,M (2459)-Sethuraman,S (2620) Castelldefels 2021 ½-½ (65)}) 11... b5 12. a4 {Usually one shouldn't play on the side he is weaker on, but this move might not be so bad, as it's not that easy to guard the b5 pawn harmoniously.} Qb6 {This move feels a bit off, but it does the job of guarding the b5 pawn and White can't exploit the fact that the b8 knight and c8 bishop are yet to develop.} 13. Qc2 {This feels slightly off. 13.Qe1!? trying to setup some trickery felt more to the point.} Nc6 14. Bf3 {The bishop is in the way of the f-pawn and in fact Black is happy to play 14...Ne7 anyway, preparing Bf5.} Ne7 {This makes the whole sequence of 13.Qc2 and 14.Bf3 look rather counterproductive.} 15. b3 Bf5 {A nice tempo. Black is now fully mobilized.} 16. Qb2 Rab8 {Everything is protected and White achieved nothing with his play. Black is clearly for choice already.} 17. axb5 axb5 18. g4 $2 {Ambitious, but it's a blunder. In fact I saw is in advance, as it bothered me a little at first.} (18. bxc4 bxc4 19. Ne2 {(or any other sensible knight move for that matter) would keep Black's edge minimal. The protected passer on c4 is an asset, but it's pretty well blocked and with some pieces coming off, White should still be able to hold thing together.}) 18... Nxg4 $1 {With the queen swinging over to g6, Black will regain the piece and get a winning position.} 19. Nxg4 {Same story is after 19.Bxg4 - 19...Bxg4 20.Nxg4 Qg6! and ...f5, ...h5.} Bxg4 {Also winning was ...Qg6 first, but this gave me a chance to sacrifice a queen!} 20. Nxd5 {Last attempt to confuse the matters. It's clear that Black must somehow be completely winning and as soon as I saw the queen sac I didn't hesitate much!} (20. Bxg4 Qg6 21. f3 f5 {is going to be game over.}) 20... Bxf3 $5 {I felt there might be an objectively cleaner win, but this was too pretty, plus I didn't see any defense for White. The nature of the event kind of suggested that playing for the crowd was the right way to go and I'm glad it worked out well.} (20... Nxd5 21. Bxd5 Qg6 {wins pretty trivially actually, as well.} 22. Kh1 {and now both, 22...Qh5, followed by Bf3 and Rb6, but also 22...Qd6!? with idea 23.Bg2 Ba3! would win on the spot.}) 21. Nxb6 Rxb6 {The bishop on f3 is from a puzzle book. White is helpless, as the king finds itself in a mating net.} 22. Rfd1 {The only way to avoid immediate checkmate. The king now has the escape path via f1-e1-d2.} Rg6+ 23. Kf1 Bd6 $1 {The point. Now White has to deal with Bxh2 Rg1 mating ideas.} 24. Ba5 Nd5 $1 {The knight is joining, to lock up the cage around the king with Nf6-Ne4.} 25. bxc4 bxc4 {I recaptured automatically and then noticed that 25...Nf6! was winning as well. Fortunately, White is helpless here as well.} 26. Ke1 {The king tries to run, but he is not in time.} Rb8 {Gaining a tempo on the queen.} 27. Qc2 c3 $1 {Shutting the door for the king on e1. Now White must take the pawn and the forced line ends with Black being up a full bishop for no compensation.} 28. Bxc3 Nxc3 29. Qxc3 Bb4 {Offering the hope for back rank checkmate after 30.Qxb4 Rxb4?? 31.Rc8#, but obviously it is not happening.} 30. Qxb4 Rg1+ $1 31. Kd2 Rxd1+ {The intermezzo decides.} 32. Rxd1 Rxb4 33. Rc1 Rb2+ 34. Kd3 f5 {White resigns, as he is down a bishop and all his pawns are blocked.} 0-1

[Event "ChessKid Cup Play-In"]
[Site "chess.com INT"]
[Date "2023.05.01"]
[Round "8.9"]
[White "Harshavardhan, G B"]
[Black "Giri, A.."]
[Result "0-1"]
[WhiteElo "2449"]
[BlackElo "2768"]
[PlyCount "62"]
[EventDate "2023.05.01"]

1. d4 Nf6 2. c4 e6 3. Nc3 Bb4 4. f3 b5 5. cxb5 Nd5 6. Qd3 ({RR} 6. Bd2 Qh4+ 7. g3 Qxd4 8. Nxd5 exd5 9. Bxb4 Qxb4+ 10. Qd2 Qxd2+ 11. Kxd2 a6 12. e3 Ke7 13. bxa6 Bxa6 14. Bxa6 Nxa6 15. Ne2 Rhb8 16. b3 Nb4 17. a3 Nc6 18. Rhb1 Ne5 19. Nd4 c5 20. f4 Ng4 {Hua,L (2305)-Sjugirov,S (2635) chess.com INT 2025 0-1 (46)}) 6... a6 7. e4 Nb6 $146 ({RR} 7... Nxc3 8. bxc3 Be7 9. Qc2 O-O 10. Nh3 axb5 11. Bxb5 Ba6 12. Bxa6 Rxa6 13. O-O Nc6 14. Be3 Qa8 15. Nf2 Ra3 16. Rfb1 Qa6 17. Rb3 Ra4 18. Nd3 Ra8 19. d5 Na5 20. Rbb1 Nc4 21. Qe2 h6 22. Bd4 {Csonka,B (2481)-Sjugirov,S (2661) chess.com INT 2024 0-1}) 8. a3 axb5 9. Qxb5 Nc6 10. Qd3 d5 11. Nge2 O-O 12. Qd1 dxe4 13. fxe4 Qh4+ 14. Ng3 Rd8 15. Be3 Be7 16. Nb5 Ba6 17. Be2 Bxb5 18. Bxb5 Nxd4 19. Bxd4 Bf6 20. Qh5 Qxh5 21. Nxh5 Bxd4 22. O-O-O Ra5 23. Be2 c5 24. Kc2 Na4 25. b4 Raa8 26. Bd3 Nb2 27. Rd2 Rxa3 28. b5 Be5 29. b6 Nxd3 30. Rb1 Ra2+ 31. Kd1 Nf2+ 0-1

[Event "EU-Cup 27th"]
[Site "Rogaska Slatina"]
[Date "2011.09.26"]
[Round "2"]
[White "Johannessen, Leif Erlend"]
[Black "Giri, Anish"]
[Result "1/2-1/2"]
[WhiteElo "2499"]
[BlackElo "2722"]
[PlyCount "64"]
[EventDate "2011.09.25"]
[EventType "team-swiss"]
[EventRounds "7"]
[EventCountry "SLO"]
[SourceTitle "CBM 145"]
[Source "ChessBase"]
[SourceDate "2011.11.11"]
[SourceVersion "1"]
[SourceVersionDate "2011.11.11"]
[SourceQuality "1"]
[WhiteTeam "Oslo Schakseskap"]
[BlackTeam "SHSM-64"]
[WhiteTeamCountry "NOR"]
[BlackTeamCountry "RUS"]

1. d4 Nf6 2. c4 e6 3. Nc3 Bb4 4. Qc2 c5 5. dxc5 O-O 6. a3 Bxc5 7. Nf3 Nc6 8. Bg5 Be7 9. e3 h6 10. Bh4 b6 11. Be2 Bb7 12. O-O ({RR} 12. Rd1 Rc8 13. O-O Na5 14. Nd2 Ba6 15. Qa4 d5 16. Nb5 Qe8 17. Bxf6 Bxb5 18. cxb5 Bxf6 19. b4 Nc4 20. Nxc4 dxc4 21. Rd6 c3 22. Rfd1 Be5 23. R6d3 a6 24. Qc2 axb5 25. Rd7 Ra8 26. Bxb5 Rxa3 {Wang Yue (2637)-Vokhidov,S (2650) Budapest HUN 2024 0-1 (70)}) 12... Rc8 13. Rfd1 Na5 14. Ne5 $146 ({RR} 14. b3 d5 15. Qb2 Qe8 16. cxd5 Nxd5 17. Bb5 Qd8 18. Bxe7 Qxe7 19. Nxd5 Bxd5 20. Nd4 Qg5 21. f4 Qf6 22. b4 Nc4 23. Bxc4 Rxc4 24. Rac1 Rxc1 25. Rxc1 b5 26. Rc5 a6 27. Qc2 Qh4 28. Qf2 Qg4 {Wojtaszek,R (2295)-Sergeev,V (2498) Polanica Zdroj 2001 1-0 (54)}) ({RR} 14. Nd2 Ne8 15. Bg3 Bh4 16. b4 Bxg3 17. hxg3 Nc6 18. Qb3 Qe7 19. Bf3 d6 20. Nb5 a6 21. Nd4 Nf6 22. Nxc6 Bxc6 23. Bxc6 Rxc6 24. b5 axb5 25. cxb5 Rc5 26. Nc4 d5 27. Ne5 Ne4 28. Rac1 Rfc8 {Dijckmans,B (2117)-Kunin,V (2502) Ghent 2013 0-1 (49)}) 14... d6 15. b4 Qe8 16. bxa5 dxe5 17. axb6 axb6 18. Rab1 Qc6 19. Bf1 Bxa3 20. Nb5 Bc5 21. Na7 Qe4 22. Qxe4 Bxe4 23. Nxc8 Bxb1 24. Nxb6 Bc2 25. Rc1 Bxb6 26. Bxf6 gxf6 27. Rxc2 Rc8 28. g4 h5 29. h3 hxg4 30. hxg4 Kg7 31. Bd3 Rc7 32. Kg2 Kf8 1/2-1/2

[Event "NED-ch65"]
[Site "Eindhoven"]
[Date "2010.06.12"]
[Round "2"]
[White "L'Ami, Erwin"]
[Black "Giri, Anish"]
[Result "1/2-1/2"]
[WhiteElo "2620"]
[BlackElo "2642"]
[PlyCount "30"]
[EventDate "2010.06.11"]
[EventType "tourn"]
[EventRounds "9"]
[EventCountry "NED"]
[EventCategory "14"]
[SourceTitle "CBM 137"]
[Source "ChessBase"]
[SourceDate "2010.07.15"]
[SourceVersion "1"]
[SourceVersionDate "2010.07.15"]
[SourceQuality "1"]

1. d4 {Yermolinsky,Alex} Nf6 2. c4 e6 3. Nf3 c5 4. Nc3 cxd4 5. Nxd4 Bb4 6. g3 O-O 7. Bg2 d5 8. cxd5 Nxd5 9. Qb3 ({RR} 9. Bd2) 9... Nc6 10. Nxc6 bxc6 11. O-O Rb8 ({RR} 11... Qa5 12. Bd2 Bxc3 13. bxc3 Ba6 14. Rfd1 Qc5) ({RR} 11... Qe7 12. Bd2 Rb8 13. Qc4 Bd7 14. e4 Nb6 15. Qe2 e5 16. a3 Bc5 17. Rfc1 Bd4 18. Be3 Be6 19. Bf1 Rfd8 20. Nd1 c5 21. Qc2 h6 22. Rab1 a5 23. Kg2 a4 24. Bd2 Bb3 25. Qd3 Bxb2 26. Nxb2 {Grochol,K (2117)-Tsatsalashvili,K (2315) Katowice POL 2024 0-1 (60)}) 12. a3 ({RR} 12. Qc2 Ba6 13. Rd1 Bxc3 14. bxc3 Qa5 15. Bb2 ({RR} 15. Bd2 Bxe2 16. c4 Nb4) 15... Bc4 16. Rd4 Qa6 17. e4 ({RR} 17. Ba3 Qxa3 18. Rxc4 Rfc8) 17... Nb6 18. a4 e5 19. Rd2 Qa5 20. Rd6 c5 21. Bh3 Nc8 22. Rd2 Nb6 23. Rd6 Nc8 24. Rd2 Nb6 25. Rd6 {½-½ (25) Vachier Lagrave,M (2789)-Aronian,L (2764) Stavanger 2018 CBM 185 [Yermolinsky,Alex ]}) 12... Nxc3 13. bxc3 Bd6 14. Qc4 $146 ({RR} 14. Qa4 Qc7 15. Qxc6 Qxc6 16. Bxc6 Ba6 17. Bf3 Rfc8 18. Rd1 Be5 19. Bf4 Bxf4 20. gxf4 Rxc3 21. Rd6 Bc4 22. Rc6 g6 23. Rd1 Rbb3 24. Rd8+ Kg7 25. Rdc8 Rb1+ 26. Kg2 Rbc1 27. Be4 h5 28. f3 a5 {Levin,F (2475)-Mikhalevski,A (2470) Budapest 1997 1-0 (37)}) ({RR} 14. Qa4) 14... Qa5 15. Be3 c5 1/2-1/2